000 00339nam a22001457a 4500
008 231012b ||||| |||| 00| 0 eng d
020 _a0521338360
041 _aeng
080 _a521
082 _a521VIC
100 _a19
101 _aASTRO
245 _aOCCULT SCIENTIFIC MENTALITIES IN THE RENAISSANCE
_cVICKERS.B
942 _2udc
_cBK
999 _c60439
_d60439